Cris de Pokémon - 4G - Statistiques

Statistiques générales
  • Ce quiz a été pris 15 fois
  • Le résultat moyen est 14 sur 20
Statistiques - réponses
Hint Réponse % Correct
🔊 écouter Keunotor
100%
🔊 écouter Moufflair
92%
🔊 écouter Dialga
83%
🔊 écouter Étourmi
83%
🔊 écouter Pijako
83%
🔊 écouter Archéomire
75%
🔊 écouter Lockpin
75%
🔊 écouter Lucario
75%
🔊 écouter Mustéflott
75%
🔊 écouter Spiritomb
75%
🔊 écouter Tritosor
75%
🔊 écouter Arceus
67%
🔊 écouter Magnézone
67%
🔊 écouter Simiabraz
67%
🔊 écouter Hippodocus
58%
🔊 écouter Tortipouss
58%
🔊 écouter Chaglam
50%
🔊 écouter Grodrive
50%
🔊 écouter Corboss
33%
🔊 écouter Togekiss
33%
Aucun quiz correspondant
Distribution des résultats
% des personnes avec chaque résultat
Percentile par nombre de réponses
Votre historique - résultats
Vous n’avez pas pris ce quiz